| LDR | | 00000nam c2200205 k 4500 |
| 001 | | 000000341283 |
| 005 | | 20260414163755 |
| 007 | | ta |
| 008 | | 260407s2025 ggkad r 001a kor |
| 020 | |
▼a 9791167259912
▼g 93330 :
▼c \24000 |
| 040 | |
▼a 248032
▼c 248032
▼d 248032 |
| 049 | 0 |
▼l EM111906
▼l EM111907
▼c 2 |
| 056 | |
▼a 338
▼2 4 |
| 090 | |
▼a 338
▼b 김94ㅅ4 |
| 245 | 20 |
▼a 사회복지실천론 =
▼x Theories of Social Work Practice /
▼d 김혜영,
▼e 석말숙,
▼e 최정숙,
▼e 김성경 |
| 250 | |
▼a 제4판 |
| 260 | |
▼a 고양 :
▼b 공동체,
▼c 2025 |
| 300 | |
▼a 418 p. :
▼b 삽화, 표 ;
▼c 24 cm |
| 504 | |
▼a 참고문헌(p. 405-414) 및 색인(p. 415-418) 수록 |
| 525 | |
▼a 권말부록 : 우리나라 사회복지사 윤리강령 ; 가족사정기록지 |
| 653 | |
▼a 사회복지실천
▼a 사회복지실천현장
▼a 사회복지사 |
| 700 | 1 |
▼a 김혜영,
▼e 저 |
| 700 | 1 |
▼a 석말숙,
▼e 공저 |
| 700 | 1 |
▼a 최정숙,
▼e 공저 |
| 700 | 1 |
▼a 김성경,
▼e 공저 |
| 950 | 0 |
▼b \24000 |
| 990 | |
▼a 관리자2
▼b 관리자2 |